Les monnaies des fouilles du Centre d'études alexandrines : les monnayages de bronze à Alexandrie de la conquête d'Alexandre à l'Egypte moderne /

محفوظ في:

المؤلف الرئيسي: Picard, Olivier (مؤلف)

مؤلف مشترك: Centre d'études alexandrines.

التنسيق: كتاب

اللغة: French

منشور في: Paris : Centre d'études alexandrines, [2012].

سلاسل: Etudes Alexandrines ; 25.
EtAlex ; 25.

الموضوعات:

الوسوم: إضافة وسم

لا توجد وسوم, كن أول من يضع وسما على هذه التسجيلة!

رقم الطلب: DT73 .A4 E88 v.25

LEADER 01146nam a22003257a 4500
003 OSt
005 20251201133940.0
008 251201t2012 ua a g bc 000 0 fre d
010 |a 2013339267 
020 |a 9782111286160 
040 4 |c ARCE Library 
041 0 |a fre  |b eng  |b fre 
043 |a f-ua--- 
050 1 4 |a DT73 .A4  |b E88 v.25 
100 1 |a Picard, Olivier,   |e author 
245 1 4 |a Les monnaies des fouilles du Centre d'études alexandrines :   |b les monnayages de bronze à Alexandrie de la conquête d'Alexandre à l'Egypte moderne /   |c Olivier Picard [and 5 others]. 
264 1 |a Paris :   |b Centre d'études alexandrines,   |c [2012]. 
264 4 |c ©2012. 
300 |a 479 pages :   |b illustrations (some color) ;   |c 28 cm. 
490 1 |a Etudes Alexandrines ;   |v 25. 
490 1 |a EtAlex ;   |v 25. 
546 |a Contributions in French; summary in English and French. 
650 0 |a Coins, Greek  |z Egypt  |z Alexandria. 
651 0 |a Alexandria (Egypt)  |x Antiquities. 
710 2 |a Centre d'études alexandrines. 
830 0 |a Etudes Alexandrines ;   |v 25. 
830 0 |a EtAlex ;   |v 25. 
901 |a reviewed 
942 |c BK  |2 lcc 
999 |c 27855  |d 27855